00607cam a22002291 4500001001300000003000400013005001700017008004100034010001700075035002000092040001800112042001200130050001600142100004200158245004800200260000900248300003300257500000600290651002700296651003700323999001700360ne 64003198 DLC20260227111807.0891004s1962 xx 000 0 ara  ane 64003198  a(OCoLC)23498801 aDLCcMiUdDLC apremarc00aDT312b.B542 aBin-ʻAbd Allāh, ʻAbd al-ʻAzīz.10aTāriku al-ḥaḍārah al-Maghribīyah. c1962 a2 v.billus., ports.c25 cm. a# 0aMoroccoxCivilization. 0aMoroccoxSocial life and customs c47657d47657